LEADER 01393nam--2200385---45-- 001 990000434320203316 010 $a3-540-66494-7 035 $a0043432 035 $aUSA010043432 035 $a(ALEPH)000043432USA01 035 $a0043432 100 $a20010509d1999----km-y0ITAy0103-------ba 101 0 $aENG 102 $aDE 200 1 $aText, speech and dialogue$esecond international workshop, TSD'99$ePlzen, Czech Republic, September 13-17, 1999$eproceedings$fVaclav Matousek ... [et al.] (eds.) 210 $aBerlin [etc.]$cSpringer - Verlag$dcopyr. 1999 215 $aXI, 396 p.$cill.$d22 cm 225 2$aLecture notes in artificial intelligence$v1692 410 $12001$aLecture notes in artificial intelligence$v1692 610 1 $aElaborazione in linguaggio naturale$acongressi$a1999 610 1 $acongressi$aPlzen$a1999 676 $a006.35 702 1$aMatousek,$bVaclav 710 12$aInternational workshop, TDS'99 <2. ; 1999 ; Plzen ; Czech Republic>$0544913 801 0$aITA$bCBS$gISBD 912 $a990000434320203316 951 $a006.3 LNIA (1692)$b0024085 CBS$c006.3$d00100909 959 $aBK 969 $aSCI 979 $aALANDI$b90$c20010509$lUSA01$h0946 979 $aALANDI$b90$c20010614$lUSA01$h1712 979 $c20020403$lUSA01$h1651 979 $aPATRY$b90$c20040406$lUSA01$h1630 996 $aText, speech and dialogue$9874117 997 $aUNISA LEADER 01031nam a2200229Ii 4500 001 991000358969707536 008 220606s1818 0 fre d 035 $ab1445936x-39ule_inst 040 $aBibl. Dip.le Aggr. Scienze Giuridiche - Sez. Studi Giuridici$bita 041 0 $afre 100 1 $aBlanchard, Pierre$0471205 245 13$aLe tresor des enfans :$bdivisé en trois parties : 1. la morale, 2. la vertu, 3. la civilté / par Pierre Blanchard 250 $a14. ed. ornée de vignettes en taille-douce 260 $aA Paris :$bChez Le Prieur, Libraire, rue des mathurins saint jacqes, Hotel de Cluny,$c1818 300 $a214 p. :$btav. ;$c 17 cm. 505 0 $a1. La morale -- 2. La vertu -- 3. La civilite 907 $a.b1445936x$b06-06-22$c06-06-22 912 $a991000358969707536 945 $aLE027 Fondo Grassi SA 079$g1$i2027000344840$lle027$og$pE80.00$q-$rn$so $t0$u0$v0$w0$x0$y.i16032858$z06-06-22 996 $aTresor des enfans$92856602 997 $aUNISALENTO 998 $ale027$b06-06-22$cm$da $e $ffre$g $h3$i0